000 00683naa a2200229 i 4500
001 7462
003 ES-MaBCM
005 20241016091151.0
008 891103s1989 fra 000 0 fre d
021 _axx
035 _a(OCoLC)1365187341
040 _cES-MaBCM
041 0 _afre
043 _afra
100 1 _aServoin, François
_943769
245 1 4 _aLes plans d'exposition aux risques en montagne
_cFrançois Servoin
650 2 7 _aMontaña
_959473
651 4 _aFrancia
_9115364
773 0 _aEn:
_tRevue française de droit administratif
_dParis : 1989
_w104676
_gnº 4, julio-agosto ; p. 634-645
942 _cAREV
999 _c7462
_d7462
650 0 _aPrevención de riesgos medioambientales
_9125945